书目信息 |
| 题名: |
货币战争
|
|
| 作者: | 宋鸿兵 编著 | |
| 分册: | ||
| 出版信息: | 北京 中信出版社 2011 |
|
| 页数: | 17,306页 | |
| 开本: | 23cm | |
| 丛书名: | ||
| 单 册: | ||
| 中图分类: | F831.9 | |
| 科图分类: | ||
| 主题词: | 金融--经济史--世界 , 金融 , 经济史 | |
| 电子资源: | ||
| ISBN: | 978-7-5086-3031-1 | |
| 000 | 00875nam0 2200277 450 | |
| 001 | 523 | |
| 005 | 20140909103031.57 | |
| 010 | @a978-7-5086-3031-1@dCNY39.00 | |
| 100 | @a20111017d2011 em y0chiy50 ea | |
| 101 | 0 | @achi |
| 102 | @aCN@b110000 | |
| 105 | @aa z 000yy | |
| 106 | @ar | |
| 200 | 1 | @a货币战争@f宋鸿兵编著 |
| 205 | @a2版 | |
| 210 | @a北京@c中信出版社@d2011 | |
| 215 | @a17,306页@c图,照片@d23cm | |
| 300 | @a金融投资理财 | |
| 330 | @a本书第一次揭开了货币背后的战争的大幕,为我们展示了政治风波和经济危机之后的翻云覆雨手。内容包括:国际银行和美国总统的百年战争、廉价货币的“新政”、统治世界的精英俱乐部、诚实货币的最后抗争、美元死穴与黄金一阳指等。 | |
| 606 | 0 | @a金融@x经济史@y世界 |
| 606 | 0 | @a金融 |
| 606 | 0 | @a经济史 |
| 690 | @aF831.9@v5 | |
| 701 | 0 | @a宋鸿兵@4编著 |
| 801 | 0 | @aCN@bTANGWEI@c20140603 |
| 905 | @b0842693-95@dF831.9@e59=2@f3 | |
| 货币战争/宋鸿兵编著.-2版.-北京:中信出版社,2011 |
| 17,306页:图,照片;23cm |
| 金融投资理财 |
| ISBN 978-7-5086-3031-1:CNY39.00 |
| 本书第一次揭开了货币背后的战争的大幕,为我们展示了政治风波和经济危机之后的翻云覆雨手。内容包括:国际银行和美国总统的百年战争、廉价货币的“新政”、统治世界的精英俱乐部、诚实货币的最后抗争、美元死穴与黄金一阳指等。 |
| ● |
| 相关链接 |
|
|
|
|
正题名:货币战争
索取号:F831.9/59=2
 
预约/预借
| 序号 | 登录号 | 条形码 | 馆藏地/架位号 | 状态 | 备注 |
| 1 | 0842693 | 208426933 | 第一借阅区/ [索取号:F831.9/59=2] | 在馆 | |
| 2 | 0842694 | 208426942 | 第一借阅区/ [索取号:F831.9/59=2] | 在馆 | |
| 3 | 0842695 | 208426951 | 经管系资料室/ [索取号:F831.9/59=2] | 在馆 |